MyGZULibrary

Accounting principles / (Record no. 7552)

MARC details
000 -LEADER
fixed length control field 00990cam a2200325 a 4500
001 - CONTROL NUMBER
control field 3854251
003 - CONTROL NUMBER IDENTIFIER
control field GZU
005 - DATE AND TIME OF LATEST TRANSACTION
control field 20250115091320.0
008 - FIXED-LENGTH DATA ELEMENTS--GENERAL INFORMATION
fixed length control field 880219s1989 ilua b 001 0 eng
010 ## - LIBRARY OF CONGRESS CONTROL NUMBER
LC control number 88000770
020 ## - INTERNATIONAL STANDARD BOOK NUMBER
International Standard Book Number 0256035687 :
Terms of availability $36.95
022 ## - INTERNATIONAL STANDARD SERIAL NUMBER
International Standard Serial Number .
040 ## - CATALOGING SOURCE
Original cataloging agency DLC
Transcribing agency DLC
Modifying agency DLC
050 00 - LIBRARY OF CONGRESS CALL NUMBER
Classification number HF5635
Item number .ANT 1989
082 00 - DEWEY DECIMAL CLASSIFICATION NUMBER
Classification number 658.1/511
Edition number 19
100 1# - MAIN ENTRY--PERSONAL NAME
Personal name Anthony, Robert N.
Fuller form of name (Robert Newton),
Dates associated with a name 1916-2006.
245 10 - TITLE STATEMENT
Title Accounting principles /
Statement of responsibility, etc. Robert N. Anthony, James S. Reece.
250 ## - EDITION STATEMENT
Edition statement 6th ed.
260 ## - PUBLICATION, DISTRIBUTION, ETC.
Place of publication, distribution, etc. Homewood, Ill. :
Name of publisher, distributor, etc. Irwin,
Date of publication, distribution, etc. 1989.
300 ## - PHYSICAL DESCRIPTION
Extent xvii, 678 pages :
Other physical details illustrations ;
Dimensions 25 cm.
440 #4 - SERIES STATEMENT/ADDED ENTRY--TITLE
Title The Robert N. Anthony/Willard J. Graham series in accounting
500 ## - GENERAL NOTE
General note .
504 ## - BIBLIOGRAPHY, ETC. NOTE
Bibliography, etc. note Includes bibliographical references and index.
505 ## - FORMATTED CONTENTS NOTE
Formatted contents note .
520 ## - SUMMARY, ETC.
Summary, etc. .
650 #0 - SUBJECT ADDED ENTRY--TOPICAL TERM
Topical term or geographic name entry element Accounting.
700 1# - ADDED ENTRY--PERSONAL NAME
Personal name Reece, James S.
Relator term author
906 ## - LOCAL DATA ELEMENT F, LDF (RLIN)
a 7
b cbc
c orignew
d 1
e ocip
f 19
g y-gencatlg
942 ## - ADDED ENTRY ELEMENTS (KOHA)
Source of classification or shelving scheme Library of Congress Classification
Koha item type Books
Edition 6th
Classification part 5635
Item part ANT
Call number prefix HF
Call number suffix 1989
Holdings
Withdrawn status Lost status Source of classification or shelving scheme Damaged status Not for loan Collection code Home library Current library Shelving location Date acquired Total Checkouts Full call number Barcode Date last seen Copy number Price effective from Koha item type
    Library of Congress Classification     Non-fiction Mashava Campus Library Mashava Campus Library General Stacks 05/11/2021   HF 5635 ANT 1989 4697 05/11/2021 c.1 05/11/2021 Books